<?xml version="1.0" encoding="UTF-8"?>
<record
    xmlns:xsi="http://www.w3.org/2001/XMLSchema-instance"
    xsi:schemaLocation="http://www.loc.gov/MARC21/slim http://www.loc.gov/standards/marcxml/schema/MARC21slim.xsd"
    xmlns="http://www.loc.gov/MARC21/slim">

  <leader>00407nam a2200157Ia 4500</leader>
  <controlfield tag="005">20250108023300.0</controlfield>
  <controlfield tag="008">240331s9999    xx            000 0 und d</controlfield>
  <datafield tag="082" ind1=" " ind2=" ">
    <subfield code="b">BHA</subfield>
    <subfield code="a">362</subfield>
  </datafield>
  <datafield tag="100" ind1=" " ind2=" ">
    <subfield code="a">Bhasin, K</subfield>
  </datafield>
  <datafield tag="245" ind1=" " ind2="0">
    <subfield code="a">If only someone had broken the Silence :</subfield>
    <subfield code="b">sexual violence on children</subfield>
  </datafield>
  <datafield tag="250" ind1=" " ind2=" ">
    <subfield code="a">1st </subfield>
  </datafield>
  <datafield tag="260" ind1=" " ind2=" ">
    <subfield code="a">New Delhi</subfield>
    <subfield code="c">2003</subfield>
    <subfield code="b">SANGAT</subfield>
  </datafield>
  <datafield tag="300" ind1=" " ind2=" ">
    <subfield code="a">26 p.,</subfield>
  </datafield>
  <datafield tag="650" ind1=" " ind2=" ">
    <subfield code="a">Sexual Violence </subfield>
  </datafield>
  <datafield tag="942" ind1=" " ind2=" ">
    <subfield code="c">L</subfield>
  </datafield>
  <datafield tag="952" ind1=" " ind2=" ">
    <subfield code="0">0</subfield>
    <subfield code="1">0</subfield>
    <subfield code="4">0</subfield>
    <subfield code="7">0</subfield>
    <subfield code="8">L</subfield>
    <subfield code="a">WERCL</subfield>
    <subfield code="b">WERCL</subfield>
    <subfield code="c">SSC</subfield>
    <subfield code="d">2024-03-31</subfield>
    <subfield code="l">0</subfield>
    <subfield code="o"> 362.3 BHA</subfield>
    <subfield code="p">1930</subfield>
    <subfield code="r">2024-03-31</subfield>
    <subfield code="w">2024-03-31</subfield>
    <subfield code="y">L</subfield>
  </datafield>
  <datafield tag="999" ind1=" " ind2=" ">
    <subfield code="c">2878</subfield>
    <subfield code="d">2878</subfield>
  </datafield>
</record>
